[Event "GRE-chT 49th"]
[Site "Thessaloniki"]
[Date "2022.08.17"]
[Round "7"]
[White "Doncea, Vladimir"]
[Black "Koroglou, Viktor"]
[Result "1/2-1/2"]
[WhiteElo "2342"]
[BlackElo "2056"]
[PlyCount "89"]
[EventDate "2022.08.12"]
[EventType "team-swiss"]
[EventRounds "7"]
[EventCountry "GRE"]
[SourceTitle "EXT 2024"]
[Source "ChessBase"]
[SourceDate "2023.10.10"]
[SourceVersion "1"]
[SourceVersionDate "2023.10.10"]
[SourceQuality "1"]
[WhiteTeam "Volou SE"]
[BlackTeam "Xanthis"]
[WhiteTeamCountry "GRE"]
[BlackTeamCountry "GRE"]

1. d4 Nf6 2. c4 g6 3. Nc3 Bg7 4. e4 d6 5. Nf3 0-0 6. Be2 e5 7. dxe5 dxe5 8. Qxd8 Rxd8 9. Nd5 Nxd5 10. cxd5 c6 11. Bg5 f6 12. dxc6 Nxc6 13. Bc4+ Kh8 14. Be3 Bg4 15. 0-0 Bxf3 16. gxf3 Nd4 17. Bxd4 Rxd4 18. Bd5 Bh6 19. Rfd1 Rc8 20. Bxb7 Rb8 21. Bd5 Rxb2 22. Rab1 Rxd1+ 23. Rxd1 Rc2 24. Rd3 Bf8 25. Bb3 Rc7 26. Kg2 Kg7 27. h4 Bc5 28. Rd5 Bb6 29. Rd6 Bc5 30. Rd8 h5 31. Rd5 Kh6 32. Rd8 Kg7 33. Rb8 Bb6 34. Rg8+ Kh7 35. Rd8 Kg7 36. a4 Kh6 37. Rd6 Rc3 38. Bd5 Rc2 39. Rxf6 Bxf2 40. Ra6 Bxh4+ 41. Kh3 Bg5 42. Bf7 Bf4 43. Rxg6+ Kh7 44. Rg2 Rxg2 45. Kxg2 1/2-1/2

[Event "GRE-chT 49th"]
[Site "Thessaloniki"]
[Date "2022.08.12"]
[Round "1"]
[White "Koroglou, Viktor"]
[Black "Nikolov, Momchil"]
[Result "0-1"]
[WhiteElo "2056"]
[BlackElo "2478"]
[PlyCount "126"]
[EventDate "2022.08.12"]
[EventType "team-swiss"]
[EventRounds "7"]
[EventCountry "GRE"]
[SourceTitle "EXT 2024"]
[Source "ChessBase"]
[SourceDate "2023.10.10"]
[SourceVersion "1"]
[SourceVersionDate "2023.10.10"]
[SourceQuality "1"]
[WhiteTeam "Xanthis"]
[BlackTeam "Alexanthroepoles Ethnikos"]
[WhiteTeamCountry "GRE"]
[BlackTeamCountry "GRE"]

1. e4 c5 2. Nf3 Nc6 3. d4 cxd4 4. Nxd4 Qb6 5. Nb3 Nf6 6. Nc3 e6 7. Be3 Qc7 8. Qe2 Bb4 9. Bd2 0-0 10. a3 Bxc3 11. Bxc3 e5 12. 0-0-0 d6 13. Kb1 Be6 14. g4 Bxg4 15. f3 Bh5 16. Rg1 Bg6 17. h4 Rad8 18. Bd2 Nh5 19. Bh3 d5 20. Bg4 Rfe8 21. Bg5 Ne7 22. Qg2 f6 23. Bxh5 fxg5 24. Bxg6 Nxg6 25. Qxg5 dxe4 26. h5 Rxd1+ 27. Rxd1 Nf4 28. fxe4 h6 29. Qg4 Qf7 30. Rd7 Re7 31. Rxe7 Qxe7 32. Qc8+ Kf7 33. Qf5+ Qf6 34. Qd7+ Kg8 35. Nc5 Qf7 36. Qc8+ Qf8 37. Qc7 Nxh5 38. Qxe5 Qf1+ 39. Ka2 Qf7+ 40. Kb1 b6 41. Nd7 Qxd7 42. Qxh5 Qe6 43. e5 g5 44. Qe2 g4 45. Qe3 Kf7 46. b4 Kg6 47. Qe4+ Kg5 48. Kb2 b5 49. Qe3+ Kf5 50. Qd3+ Kxe5 51. Qxb5+ Kf4 52. Qf1+ Kg5 53. Qc1+ Kg6 54. Qg1 a6 55. a4 Qe5+ 56. Kb3 g3 57. b5 axb5 58. a5 Qd5+ 59. Kb2 Qe5+ 60. Kb3 Qe6+ 61. Kb2 Qf6+ 62. Kb3 Qf2 63. Qh1 g2 0-1

[Event "Kavala op 27th"]
[Site "Kavala"]
[Date "2018.08.11"]
[Round "9"]
[White "Koroglou, Viktor"]
[Black "Kouskoutis, Georgios Alexandros"]
[Result "0-1"]
[WhiteElo "2029"]
[BlackElo "2302"]
[PlyCount "84"]
[EventDate "2018.08.05"]
[EventType "swiss"]
[EventRounds "9"]
[EventCountry "GRE"]
[SourceTitle "CBM 186 Extra"]
[Source "ChessBase"]
[SourceDate "2018.08.24"]
[SourceVersion "1"]
[SourceVersionDate "2018.08.24"]
[SourceQuality "1"]

1. e4 c5 2. Nf3 g6 3. d4 cxd4 4. Nxd4 Bg7 5. c4 Nc6 6. Be3 Nf6 7. Nc3 0-0 8. Be2 d6 9. f3 Bd7 10. Qd2 Nxd4 11. Bxd4 Bc6 12. h4 a5 13. 0-0-0 a4 14. a3 Qa5 15. h5 Rfc8 16. hxg6 fxg6 17. Kb1 e5 18. Be3 Rd8 19. g4 Qc7 20. Qe1 Qf7 21. Qh4 Bf8 22. Bg5 Be7 23. Rh3 Rac8 24. f4 exf4 25. Rf3 Nxe4 26. Bxe7 Re8 27. Bxd6 Nxc3+ 28. Rxc3 Rxe2 29. g5 f3 30. Bg3 f2 31. Rf1 Rf8 32. Qh2 Be4+ 33. Ka1 Re1+ 34. Rxe1 f1Q 35. Qd2 Qg2 36. Qd4 Bc6 37. Rce3 Re8 38. Be5 Qc2 39. Rc3 Qcf5 40. Rce3 Qc2 41. Rc3 Qcf5 42. Rg3 Rxe5 0-1

[Event "Heraklion Gazi op 11th"]
[Site "Heraklion"]
[Date "2015.07.27"]
[Round "4"]
[White "Koroglou, Viktor"]
[Black "Djingarova, Emilia"]
[Result "1/2-1/2"]
[WhiteElo "2037"]
[BlackElo "2270"]
[PlyCount "56"]
[EventDate "2015.07.25"]
[EventType "swiss"]
[EventRounds "9"]
[EventCountry "GRE"]
[SourceTitle "CBM 167 Extra"]
[Source "ChessBase"]
[SourceDate "2015.09.14"]
[SourceVersion "1"]
[SourceVersionDate "2015.09.14"]
[SourceQuality "1"]

1. e4 c5 2. Nf3 e6 3. g3 d5 4. exd5 exd5 5. d4 Nc6 6. Bg2 Bg4 7. 0-0 cxd4 8. h3 Bh5 9. g4 Bg6 10. Nxd4 Be7 11. c4 Nf6 12. Nc3 Nxd4 13. Qxd4 dxc4 14. Qxc4 0-0 15. Rd1 Qb6 16. g5 Rac8 17. Qe2 Bh5 18. Bf3 Bxf3 19. Qxf3 Ne8 20. Nd5 Qe6 21. Bf4 Bd8 22. Re1 Qg6 23. Qe4 Qxe4 24. Rxe4 f6 25. Ne7+ Bxe7 26. Rxe7 fxg5 27. Bxg5 Nd6 28. Rd1 Rc6 1/2-1/2

[Event "Paleochora op 8th"]
[Site "Paleochora"]
[Date "2015.07.20"]
[Round "5"]
[White "Sandalakis, Angelos"]
[Black "Koroglou, Viktor"]
[Result "1-0"]
[WhiteElo "2403"]
[BlackElo "2037"]
[PlyCount "77"]
[EventDate "2015.07.17"]
[EventType "swiss"]
[EventRounds "9"]
[EventCountry "GRE"]
[SourceTitle "CBM 167 Extra"]
[Source "ChessBase"]
[SourceDate "2015.09.14"]
[SourceVersion "1"]
[SourceVersionDate "2015.09.14"]
[SourceQuality "1"]

1. d4 Nf6 2. Nf3 g6 3. Nbd2 Bg7 4. e4 d6 5. Bc4 0-0 6. Qe2 d5 7. exd5 Nxd5 8. 0-0 Nc6 9. c3 Bg4 10. h3 Bxf3 11. Qxf3 e6 12. Ne4 Nce7 13. Re1 c6 14. Bg5 Qc7 15. Rad1 Nf5 16. Bb3 h6 17. Bc1 Rad8 18. g3 Qe7 19. h4 Nf6 20. Nc5 Rfe8 21. h5 Nxh5 22. g4 Bxd4 23. cxd4 Nxd4 24. Rxd4 Rxd4 25. gxh5 Qxc5 26. hxg6 f5 27. Be3 Kg7 28. Qh5 Rg4+ 29. Qxg4 Qxe3 30. Rxe3 fxg4 31. Bxe6 g3 32. Bf7 Rxe3 33. fxe3 h5 34. e4 h4 35. Kg2 b6 36. e5 c5 37. Be8 a6 38. e6 Kf6 39. e7 1-0

[Event "Anogia op 4th"]
[Site "Anogia"]
[Date "2015.07.14"]
[Round "7"]
[White "Koroglou, Viktor"]
[Black "Naoum, Spyridon"]
[Result "0-1"]
[WhiteElo "2037"]
[BlackElo "2194"]
[PlyCount "82"]
[EventDate "2015.07.09"]
[EventType "swiss"]
[EventRounds "9"]
[EventCountry "GRE"]
[SourceTitle "CBM 167 Extra"]
[Source "ChessBase"]
[SourceDate "2015.09.14"]
[SourceVersion "1"]
[SourceVersionDate "2015.09.14"]
[SourceQuality "1"]

1. e4 c5 2. Nf3 d6 3. c3 Nf6 4. h3 Bd7 5. Bd3 Nc6 6. Bc2 Rc8 7. 0-0 e6 8. d4 cxd4 9. Nxd4 a6 10. Nd2 Be7 11. Re1 Qc7 12. N2f3 Ne5 13. Bf4 0-0 14. Bh2 Rfd8 15. Qe2 Be8 16. Rad1 Nfd7 17. Nd2 Qb6 18. Rb1 Bf6 19. Kh1 Qa7 20. f4 Ng6 21. e5 dxe5 22. fxe5 Ndxe5 23. Ne4 Be7 24. Rbd1 Nc6 25. Nf3 Rxd1 26. Rxd1 Rd8 27. Rxd8 Nxd8 28. h4 Nf8 29. Qd3 b5 30. Nd6 Qd7 31. Ng5 h6 32. Nge4 Nb7 33. Nxb7 Qxb7 34. Bd6 Qd7 35. Bxe7 Qxe7 36. Qg3 Bc6 37. Nf2 Qd8 38. Nd3 Be4 39. Kg1 Bf5 40. h5 Nh7 41. Kf2 Nf6 0-1

[Event "Anogia op 4th"]
[Site "Anogia"]
[Date "2015.07.10"]
[Round "2"]
[White "Koroglou, Viktor"]
[Black "Azis Azizis, Ektoras"]
[Result "1/2-1/2"]
[WhiteElo "2037"]
[BlackElo "2232"]
[PlyCount "114"]
[EventDate "2015.07.09"]
[EventType "swiss"]
[EventRounds "9"]
[EventCountry "GRE"]
[SourceTitle "CBM 167 Extra"]
[Source "ChessBase"]
[SourceDate "2015.09.14"]
[SourceVersion "1"]
[SourceVersionDate "2015.09.14"]
[SourceQuality "1"]

1. e4 c6 2. Nc3 d5 3. d3 dxe4 4. Nxe4 Bf5 5. Qe2 e6 6. Bf4 Qa5+ 7. c3 Nd7 8. Ng3 Bg6 9. h4 h6 10. Nf3 Ngf6 11. Ne5 Nxe5 12. Qxe5 Qxe5+ 13. Bxe5 Ng4 14. d4 f6 15. Bc7 Rc8 16. Ba5 h5 17. Bc4 Kd7 18. 0-0 Bd6 19. Rfe1 Rhe8 20. Ne4 Bxe4 21. Rxe4 f5 22. Re2 b6 23. Bb4 Bxb4 24. cxb4 b5 25. Bd3 a6 26. g3 Nf6 27. Re5 Nd5 28. a3 g6 29. f3 Re7 30. Kh2 Kd6 31. Rae1 Ra8 32. g4 a5 33. bxa5 Rxa5 34. Bc2 hxg4 35. fxg4 Ra8 36. Kg3 Rg8 37. Bb3 Rgg7 38. Bxd5 cxd5 39. Rc1 Rc7 40. Ree1 Rc4 41. Rxc4 bxc4 42. Kf4 fxg4 43. Kxg4 Rb7 44. Re2 Rb3 45. Kg5 Rd3 46. Kxg6 Rxd4 47. Rh2 Ke7 48. Kg5 Rd3 49. h5 Kf7 50. h6 Kg8 51. a4 d4 52. Kf6 c3 53. bxc3 dxc3 54. Rc2 Rd4 55. Rxc3 Rxa4 56. Rc7 Rf4+ 57. Kxe6 Rh4 1/2-1/2

[Event "Anogia op 4th"]
[Site "Anogia"]
[Date "2015.07.10"]
[Round "3"]
[White "Koroglou, Viktor"]
[Black "Kostouros, Alexandros"]
[Result "0-1"]
[WhiteElo "2037"]
[BlackElo "2111"]
[PlyCount "90"]
[EventDate "2015.07.09"]
[EventType "swiss"]
[EventRounds "9"]
[EventCountry "GRE"]
[SourceTitle "CBM 167 Extra"]
[Source "ChessBase"]
[SourceDate "2015.09.14"]
[SourceVersion "1"]
[SourceVersionDate "2015.09.14"]
[SourceQuality "1"]

1. e4 e5 2. Nf3 Nc6 3. Bb5 a6 4. Ba4 Nf6 5. d3 Bc5 6. 0-0 b5 7. Bb3 0-0 8. Nc3 d6 9. a3 Be6 10. Nd5 h6 11. c3 Bxd5 12. exd5 Ne7 13. d4 exd4 14. Nxd4 Qd7 15. Qf3 Bxd4 16. cxd4 Qf5 17. Qxf5 Nxf5 18. Be3 Ne7 19. Rac1 Nexd5 20. Rc6 Rfe8 21. Bd2 Re2 22. Rd1 Kf8 23. Kf1 Re7 24. Ba5 Ke8 25. Rdc1 Ra7 26. Bc2 g6 27. Bd3 Nf4 28. Bb1 Ne2 29. Rd1 Ng4 30. g3 Nxh2+ 31. Kg2 Ng4 32. Kf3 h5 33. Rc2 Kd7 34. Ba2 Nxd4+ 35. Rxd4 Ne5+ 36. Kf4 Nc6 37. Re4 Nxa5 38. Rxe7+ Kxe7 39. b4 Nc4 40. Bxc4 bxc4 41. Rxc4 f6 42. Ke4 Kd7 43. Kd5 Rb7 44. a4 Rb8 45. f4 f5 0-1

[Event "Pozarevac City-chA"]
[Site "Pozarevac"]
[Date "2013.12.29"]
[Round "5"]
[White "Isak, Igor G"]
[Black "Koroglou, Viktor"]
[Result "0-1"]
[WhiteElo "2082"]
[BlackElo "2043"]
[PlyCount "60"]
[EventDate "2013.12.27"]
[EventType "swiss"]
[EventRounds "5"]
[EventCountry "SRB"]
[SourceTitle "CBM 158 Extra"]
[Source "ChessBase"]
[SourceDate "2014.02.28"]
[SourceVersion "1"]
[SourceVersionDate "2014.02.28"]
[SourceQuality "1"]

1. e4 e6 2. d4 d5 3. Nc3 Nf6 4. Bg5 dxe4 5. Nxe4 Nbd7 6. Bd3 h6 7. Bh4 Be7 8. Nf3 c5 9. Qe2 Nxe4 10. Qxe4 Bxh4 11. Nxh4 Nf6 12. Bb5+ Bd7 13. Qxb7 Rb8 14. Bxd7+ Nxd7 15. Qe4 Qa5+ 16. c3 0-0 17. 0-0 Rxb2 18. c4 cxd4 19. Qxd4 Rd2 20. Qe3 Nb6 21. Qb3 Rfd8 22. Nf3 R2d3 23. Qb5 Qc3 24. c5 Rxf3 25. cxb6 Rf5 26. Qb1 axb6 27. Qxb6 Rfd5 28. h3 Qa3 29. Qb3 Rd3 30. Rad1 Qxb3 0-1

[Event "Pozarevac City-chA"]
[Site "Pozarevac"]
[Date "2013.12.28"]
[Round "3"]
[White "Vucinic, Gojko"]
[Black "Koroglou, Viktor"]
[Result "1-0"]
[WhiteElo "2310"]
[BlackElo "2043"]
[PlyCount "72"]
[EventDate "2013.12.27"]
[EventType "swiss"]
[EventRounds "5"]
[EventCountry "SRB"]
[SourceTitle "CBM 158 Extra"]
[Source "ChessBase"]
[SourceDate "2014.02.28"]
[SourceVersion "1"]
[SourceVersionDate "2014.02.28"]
[SourceQuality "1"]

1. e4 e6 2. d4 d5 3. Nc3 Nf6 4. Bg5 dxe4 5. Nxe4 Nbd7 6. Nf3 h6 7. Bxf6 Nxf6 8. Nxf6+ Qxf6 9. Bd3 Bd6 10. Qe2 Bd7 11. Be4 c6 12. 0-0 0-0 13. Ne5 Rad8 14. c3 Bc8 15. f4 c5 16. Rad1 cxd4 17. cxd4 Qe7 18. Bb1 Bxe5 19. fxe5 b6 20. Qe4 g6 21. Rf6 Ba6 22. Qh4 Kh7 23. Rxg6 Qxh4 24. Rg4+ f5 25. Rxh4 Be2 26. Rd2 Rc8 27. Rxe2 Rc1+ 28. Kf2 Rxb1 29. d5 exd5 30. Rd4 Rh1 31. h3 f4 32. Rxd5 f3 33. gxf3 Rxh3 34. Rd3 Kg6 35. Kg2 Rh5 36. Re4 Kf5 1-0

[Event "Kavala op 22nd"]
[Site "Kavala"]
[Date "2013.08.07"]
[Round "2"]
[White "Galopoulos, Nikolaos"]
[Black "Koroglou, Viktor"]
[Result "1-0"]
[WhiteElo "2354"]
[BlackElo "2031"]
[PlyCount "95"]
[EventDate "2013.08.06"]
[EventType "swiss"]
[EventRounds "9"]
[EventCountry "GRE"]
[SourceTitle "CBM 155 Extra"]
[Source "ChessBase"]
[SourceDate "2013.08.26"]
[SourceVersion "1"]
[SourceVersionDate "2013.08.26"]
[SourceQuality "1"]

1. d4 Nf6 2. c4 g6 3. Nc3 Bg7 4. e4 d6 5. f3 0-0 6. Be3 a6 7. Qd2 Nbd7 8. Nh3 c5 9. d5 b5 10. cxb5 Qa5 11. Nf2 Nb6 12. Be2 axb5 13. Nxb5 Bd7 14. Nc3 Rfb8 15. Nfd1 Ne8 16. b3 e6 17. dxe6 Bxe6 18. Rc1 c4 19. bxc4 Nxc4 20. Bxc4 Bxc4 21. Bd4 Bf8 22. Ne3 Bh6 23. h4 Nc7 24. h5 Bf4 25. hxg6 fxg6 26. Kf2 Qg5 27. Ne2 Bxe2 28. Rxc7 Ba6 29. Ng4 Bxd2 30. Rhxh7 Be1+ 31. Kg1 Bf2+ 32. Nxf2 Qc1+ 33. Rxc1 Kxh7 34. Rc7+ Kg8 35. Rg7+ Kf8 36. Rxg6 Bc4 37. Rxd6 Ke7 38. Bc5 Bxa2 39. Ra6+ Kf7 40. Rxa8 Rxa8 41. Kh2 Be6 42. g4 Ra2 43. Kg3 Rc2 44. Bd4 Rd2 45. Be5 Bc4 46. f4 Ra2 47. f5 Bf1 48. g5 1-0